Kyklos Internationale Zeitschrift für Sozialwissenschaften

Saved in:
Bibliographic Details
Format: Serial
Language:German
Published: Basel Helbing und Lichtenhahn 1995
Subjects:
Tags: Add Tag
No Tags, Be the first to tag this record!

MARC

LEADER 00000nas2a2200000 4500
001 s102369
005 20240109100244.9
022 |a 0023-5962 
041 0 |a ger 
044 |a CH 
245 1 0 |a Kyklos  |b Internationale Zeitschrift für Sozialwissenschaften 
264 1 |a Basel  |b Helbing und Lichtenhahn  |c 1995 
300 |a 1 zv. 
773 0 |w eu_un_cat*s120900 
610 2 0 |a ekonómia 
610 2 0 |a ekonómia politická